Cambridge learner's dictionary with sound, thesaurus and extra exercises
Đã lưu trong:
| Formáid: | Leabhar |
|---|---|
| Teanga: | Undetermined |
| Foilsithe: |
Cambridge
Cambridge University Press
2001
|
| Ábhair: | |
| Clibeanna: |
Cuir Clib Leis
Gan Chlibeanna, Bí ar an gcéad duine leis an taifead seo a chlibeáil!
|
| Thư viện lưu trữ: | Trung tâm Học liệu Trường Đại học Cần Thơ |
|---|
| LEADER | 00507nam a2200181Ia 4500 | ||
|---|---|---|---|
| 001 | CTU_118018 | ||
| 008 | 210402s9999 xx 000 0 und d | ||
| 082 | |a 423 | ||
| 082 | |b C178 | ||
| 245 | 0 | |a Cambridge learner's dictionary | |
| 245 | 0 | |b with sound, thesaurus and extra exercises | |
| 260 | |a Cambridge | ||
| 260 | |b Cambridge University Press | ||
| 260 | |c 2001 | ||
| 650 | |a english language | ||
| 650 | |x dictionaries | ||
| 904 | |i M.Loan | ||
| 980 | |a Trung tâm Học liệu Trường Đại học Cần Thơ | ||